|
|
|
|
| LEADER |
00820nam a2200229 a 4500 |
| 001 |
000110622 |
| 003 |
CZ BrMZK |
| 005 |
20130809064427.0 |
| 007 |
ta |
| 008 |
010907s1985 it f 000 0 cze d |
| 040 |
|
|
|a BOA001
|b cze
|
| 044 |
|
|
|a it
|a xr
|
| 100 |
1 |
|
|a Malý, Tomáš,
|d 1899-1992
|7 jo2013774596
|4 aut
|
| 245 |
1 |
0 |
|a Pedagogika :
|b úvod do pedagogické praxe pro vychovatele a rodiče /
|c Tomáš Malý
|
| 250 |
|
|
|a 2., nezměn. vyd.
|
| 260 |
|
|
|a Řím :
|a Velehrad :
|b Křesťanská akademie,
|c 1985
|
| 300 |
|
|
|a 348 s.
|
| 910 |
|
|
|a BOA001
|b PK-A-0019.452
|
| 964 |
|
|
|a Pedagogika - úvody
|
| 990 |
|
|
|a BK
|
| 996 |
6 |
|
|b 3119920161
|c PK-A-0019.452
|l MZK
|r Sklad / do 1 hodiny
|n 5
|w 000110622
|u 000020
|a 1
|e BOA001
|j MZK50
|s P
|
| 996 |
7 |
|
|b 3119958403
|c PK-A-0019.452
|l MZK
|r Sklad / do 1 hodiny
|n 10
|w 000110622
|u 000010
|a 1
|e BOA001
|j MZK50
|s A
|